Расширение диапазона преобразования активной проводимости ёмкостных датчиков в электрический сигнал с помощью автогенераторов с термиторным мостом; Приборы и техника эксперимента; № 3

Bibliografiske detaljer
Parent link:Приборы и техника эксперимента/ Российская академия наук.— , 1956-.— 0032-8162
№ 3.— 2002.— с. 54-56
Hovedforfatter: Парусов В. П.
Andre forfattere: Шаруев Н. К., Шаруев В. Н.
Sprog:russisk
Udgivet: 2002
Serier:Электроника и радиотехника
Fag:
Format: MixedMaterials Book Chapter
KOHA link:https://koha.lib.tpu.ru/cgi-bin/koha/opac-detail.pl?biblionumber=427053

MARC

LEADER 00000naa2a2200000 4500
001 427053
005 20231101074621.0
035 |a (RuTPU)RU\TPU\prd\86167 
035 |a RU\TPU\prd\9458 
090 |a 427053 
100 |a 20100903a2002 k y0rusy50 ca 
101 0 |a rus 
102 |a RU 
200 1 |a Расширение диапазона преобразования активной проводимости ёмкостных датчиков в электрический сигнал с помощью автогенераторов с термиторным мостом  |f В. П. Парусов, Н. К. Шаруев, В. Н. Шаруев 
225 1 |a Электроника и радиотехника 
320 |a Библиогр.: 6 назв. 
461 1 |0 (RuTPU)RU\TPU\prd\300  |x 0032-8162  |t Приборы и техника эксперимента  |f Российская академия наук  |d 1956- 
463 1 |0 (RuTPU)RU\TPU\prd\86160  |t № 3  |v с. 54-56  |d 2002 
610 1 |a ёмкостные датчики 
610 1 |a электрические сигналы 
610 1 |a автогенераторы 
610 1 |a полупроводниковые приборы 
610 1 |a автогенераторные преобразователи с термисторным мостом 
675 |a 621.317.33  |v 3 
700 1 |a Парусов  |b В. П. 
701 1 |a Шаруев  |b Н. К. 
701 1 |a Шаруев  |b В. Н. 
801 1 |a RU  |b 63413507  |c 20021225  |g PSBO 
801 2 |a RU  |b 63413507  |c 20100903  |g RCR 
942 |c BK